| 000 | 00709nam a2200193 a 4500 | ||
|---|---|---|---|
| 001 | 000042019 | ||
| 005 | 20201002035905.0 | ||
| 008 | 130725s1992 sp a 000 0 spa d | ||
| 020 | _a8400072634 | ||
| 040 |
_aDO-SdBNP _bspa _cBNPHU |
||
| 245 | 0 | 0 |
_aRecursos naturales de España / _ccoordinadores J. García Guinea y Jesús. |
| 260 |
_aMadrid : _bConsejo Superior de Investigaciones Científicas., _c1992. |
||
| 300 |
_a684 p. : _bil. ; _c29 cm. |
||
| 490 | 1 |
_aTextos universitarios _v15 |
|
| 700 | 1 | 2 |
_aMartínez Frías, Jesús _eed. _926056 |
| 700 | 1 | 2 |
_aGarcía Guinea, J. _eed. _968969 |
| 710 | 2 |
_aConsejo Superior de Investigaciones Científicas(España) _967719 |
|
| 830 | 0 |
_aTextos universitarios _v15 _91147 |
|
| 999 |
_c41508 _d41508 |
||